000 01113nam a22003137a 4500
001 BR7806384
003 BR-BrBNA
005 20230928085738.0
007 ta
008 230509b bl.||||| |||| 00| 0 por d
040 _aBR-BrBNA
_bpor
_cBiblioteca Nacional de Agricultura
041 _a(Por)
072 _aE30; E10; E50
_b/G514
090 _ E30 BR7806384
110 1 _aComissao Estadual de Planejamento Agricola, Cuiaba, MT (Brasil)
_92045
245 1 _aDocumento de intencoes - Avaliacao do processo de ocupacao do espaco agricola do estado de Mato Grosso [Brasil]
_bConvenio: Ministerio da Agricultura, Secretaria de Planejamento e Coordenacao Geral, Secretaria da Agricultura e EMATER/MT
260 3 _aCuiaba, MT (Brasil):
_c[nd].
300 _a31 p.
500 _a8 tables; 8 ref.; Published 1978?
650 _aPROJETO DE DESENVOLVIMENTO
650 _aPOLITICA DE DESENVOLVIMENTO
650 _aDESENVOLVIMENTO AGRICOLA
650 _aINCENTIVO FISCAL
650 _aFINANCIAMENTO
650 _aCOLONIZACAO
650 _aMATO GROSSO
909 _a202309
_bLucia
_c55
_dLucia Elande
942 _cBK
999 _c26108
_d26108